| 000 | 00693nam a22002297a 4500 | ||
|---|---|---|---|
| 999 |
_c3953 _d3953 |
||
| 003 | AR-CdUCM | ||
| 008 | 190307b ||||| |||| 00| 0 spa d | ||
| 040 |
_aMUNICIPALIDAD PROVINCIAL DEL CUSCO _cBIBLIOTECA MUNICIPAL DEL CUSCO |
||
| 041 | _hfre | ||
| 082 |
_a848.75 / _bST79 |
||
| 100 |
_aStendhal _912124 |
||
| 245 | _aRojo y negro / | ||
| 260 |
_aBogotá : _bLa oveja Negra, _c1982. |
||
| 300 |
_a571 páginas ; _c19 cm. |
||
| 440 |
_aHistoria universal de la literatura. _n2 _912645 |
||
| 650 |
_aNovelas francesas _9571 |
||
| 650 |
_aSiglo XIX _9971 |
||
| 650 |
_aTraducciones al español _91053 |
||
| 700 |
_aCalatayud, Emma (traductora) _912646 |
||
| 942 |
_2ddc _cLIBROS |
||
| 945 | _azta | ||